00789nam a22001697a 4500082000900000100003800009245014500047260004500192300002500237650004000262700003900302856005800341942001200399999001900411952009700430952009200527 a200  aMuhammad Saif Ullah Khalid970074 aNumerical Simulations, Nonlinear Analysis and Control of Bio-inspired Flows: A Step towards Autonomous Vehicles/cMuhammad Saif Ullah Khalid aRawalpindi;bNUST College of EME;c2016. a177,p;bill;c30,cm. aPhD- Mechanical Engineering 984150 aSupervisor Dr Imran Akhtar969939 u http://10.250.8.41:8080/xmlui/handle/123456789/21819 cSC2ddc c577122d577122 00104070aCEMEbCEMEcREFd2019-11-19l0o200 THEpTH-SOF-1231r2021-06-28w2021-06-28yCF 00102ddc4070aCLbCLcTHEd2024-07-18l0o200 pCLPT-142r2024-07-18w2024-07-18ySC